Ruština konverzácia

Bibliographic Details
Format: Book
Language:Slovak
Russian
PhysicalDescription:352 s. 14 cm
Published: Bratislava Lingea 2009
ISBN:9788089323333 (brož.)
Edition:1. vyd.
Subjects:

MARC

LEADER 00000cam a2200000 a 4500
001 vtls009951281
003 SK-MaSNL
005 20260301172022.0
008 200507s2009 xo g 001 0 slo
015 |a SNBA2011/03-01238 
020 |a 9788089323333 (brož.) 
035 |a urn:nbn:sk:snk-am00dznh 
035 |a urn:nbn:sk:snk-am3i9zd 
035 |a DE30C3A3-2324-426B-97E1-C2B42AA289D6 
040 |a SNK  |b slo  |c SNK  |e AACR2 
041 0 |a slo  |a rus 
044 |a xo  |c SK 
072 7 |a 81  |x Lingvistika. Jazyky  |2 konspekt 
080 |a 811.161.1  |2 2001 
080 |a 81'24  |2 2001 
080 |a (035)  |2 2001 
080 |a 81'36  |2 2001 
080 |a 811.162.4  |2 2001 
245 0 0 |a Ruština  |b konverzácia  |b [so slovníkom a gramatikou] 
246 1 |a Lingea konverzácia slovensko-ruská 
250 |a 1. vyd. 
260 |a Bratislava  |b Lingea  |c 2009 
300 |a 352 s.  |c 14 cm 
500 |a Slovník vytvoril autorský kolektív pracovníkov Lingea 
504 |a Reg. 
650 0 7 |a ruština  |2 SNKPH  |9 1346 
650 0 7 |a konverzácia  |2 SNKPH  |9 49849 
650 0 7 |a Russian language  |2 SNKPHeng  |9 282042 
650 0 7 |a gramatika  |2 SNKPH  |9 865 
650 0 7 |a Grammar  |2 SNKPHeng  |9 278150 
650 0 7 |a Conversation, terms and phrases  |2 SNKPHeng  |9 314419 
650 0 7 |a slovenčina  |2 SNKPH  |9 1350 
650 0 7 |a Slovak language  |2 SNKPHeng  |9 266031 
655 7 |a príručky  |2 SNKPH  |9 74364 
655 7 |a Handbooks, manuals, etc.  |2 SNKPHeng  |9 90964 
919 |a 978-80-89323-33-3 
968 |d 81 
999 |c 832125  |d 834055 
952 |a SNK  |b SNK  |y PREZ  |7 0  |p 17A0657401  |o snkSE 11965  |i snk2010/8566  |8 0  |0 0  |1 0  |4 0  |d 2010-04-26  |f 1  |l 0  |r 2026-02-24 03:42:13  |w 2026-02-24 
952 |a SNK  |b SNK  |y VYP  |7 0  |p 17A0657402  |o snkSE 11965 D1  |i snk2010/8567  |8 0  |0 0  |1 0  |4 0  |d 2010-04-26  |l 0  |r 2026-02-24 03:42:13  |w 2026-02-24